00799 a2200157 45000010006000000050017000060080041000230030015000640400040000790800077001192450031001962640075002273000019003025050301003211000019006225422220260407155812.0260407a1964 arg spa dAR-UNSa-BCEJYS aAR-UNSa-BCEJYSbspacAR-UNSa-BCEJYS a330.342.22xEconomía en desarrollo. Economía en industrialización 10aDesarrollo y subdesarrollo 1aBuenos Aires :bEUDEBA (Editorial Universitaria de Buenos Aires)c1964 a246 p.c18 cm. a1. La teoría del desarrollo en la ciencia económica – 2. El mecanismo del desarrollo – 3. El proceso histórico del desarrollo – 4. Elementos de una teoría del subdesarrollo – 5. El desequilibrio externo en las estructuras subdesarrolladas – 6. Industrialización e inflación.1 aFurtado, Celso